[Event "BUL-ch sf 78th"]
[Site "Plovdiv"]
[Date "2014.02.10"]
[Round "1"]
[White "Kisiov, Vladimir"]
[Black "Danov, Lyubomir"]
[Result "0-1"]
[WhiteElo "1850"]
[BlackElo "2226"]
[PlyCount "152"]
[EventDate "2014.02.10"]
[EventType "swiss"]
[EventRounds "9"]
[EventCountry "BUL"]
[SourceTitle "CBM 158 Extra"]
[Source "ChessBase"]
[SourceDate "2014.02.28"]
[SourceVersion "1"]
[SourceVersionDate "2014.02.28"]
[SourceQuality "1"]

1. d4 Nf6 2. Nf3 d5 3. g3 c6 4. Bg2 Bf5 5. 0-0 e6 6. c4 Be7 7. Nbd2 h6 8. b3 0-0 9. Bb2 Nbd7 10. h3 Bh7 11. Ne5 Nxe5 12. dxe5 Nd7 13. e4 dxc4 14. Nxc4 Nc5 15. Qg4 Qc7 16. Nd6 Nd3 17. Bc3 Qb6 18. Rad1 Nb4 19. Rd2 c5 20. Nc4 Qc7 21. Rfd1 Rfd8 22. Nd6 Nc6 23. f4 Nd4 24. Bxd4 cxd4 25. Rxd4 Bf8 26. Kh2 Qc6 27. f5 exf5 28. exf5 Qb6 29. Rb4 Qf2 30. Rxb7 Bxd6 31. exd6 Rac8 32. Rf1 Qxa2 33. Qh5 Rf8 34. d7 Rc2 35. Rg1 Rd2 36. Qf3 Rd8 37. Rc1 Qa5 38. Qf4 Bxf5 39. b4 Qd5 40. Rg1 Rxg2+ 41. Rxg2 Qxb7 42. Qxf5 Rxd7 43. Rc2 g6 44. Qg4 Kg7 45. Rf2 Re7 46. Qd4+ Kh7 47. Qc4 Qd7 48. Qf4 Qd5 49. Rd2 Qb5 50. Rf2 Rb7 51. Qe4 f5 52. Qf4 Re7 53. Qd6 Qb7 54. Rc2 Rf7 55. Rc6 Rg7 56. h4 h5 57. Rc2 Qf7 58. Qf4 Qb3 59. Rc7 Qb2+ 60. Kh3 Rxc7 61. Qxc7+ Qg7 62. Qc5 Qf7 63. Qe5 f4 64. Kg2 Qb7+ 65. Kf2 fxg3+ 66. Kxg3 Qxb4 67. Qc7+ Kh6 68. Qxa7 Qg4+ 69. Kh2 Qxh4+ 70. Kg2 Qg4+ 71. Kh1 Qf4 72. Qf2 g5 73. Qb6+ Kg7 74. Qb2+ Qf6 75. Qb7+ Kh6 76. Qe4 Qf1+ 0-1

[Event "Plovdiv Tringov Memorial 36th"]
[Site "Plovdiv"]
[Date "2014.02.02"]
[Round "1"]
[White "Nevednichy, Vladislav"]
[Black "Kisiov, Vladimir"]
[Result "1-0"]
[WhiteElo "2603"]
[BlackElo "1850"]
[PlyCount "55"]
[EventDate "2014.02.02"]
[EventType "swiss"]
[EventRounds "9"]
[EventCountry "BUL"]
[SourceTitle "CBM 158 Extra"]
[Source "ChessBase"]
[SourceDate "2014.02.28"]
[SourceVersion "1"]
[SourceVersionDate "2014.02.28"]
[SourceQuality "1"]

1. e4 Nf6 2. e5 Nd5 3. d4 d6 4. Nf3 g6 5. Bc4 c6 6. h3 Bg7 7. 0-0 0-0 8. Re1 b5 9. Bb3 Nd7 10. e6 fxe6 11. Ng5 N7f6 12. Nd2 Kh8 13. Ndf3 a5 14. a4 b4 15. Nxe6 Bxe6 16. Rxe6 Qd7 17. Qe1 Ra7 18. Bg5 h6 19. Bd2 g5 20. Qe2 Nh5 21. Bxd5 cxd5 22. Nxg5 Qe8 23. Nf3 Nf4 24. Bxf4 Rxf4 25. Re1 Qh5 26. Rxe7 Rxe7 27. Qxe7 Bxd4 28. Nxd4 1-0